[Event "69th ch-RUS HL 2016"]
[Site "Kolomna RUS"]
[Date "2016.06.28"]
[Round "6.3"]
[White "Fedoseev, Vladimir3"]
[Black "Shaposhnikov, Evgeny"]
[Result "1-0"]
[WhiteTitle "GM"]
[BlackTitle "GM"]
[WhiteElo "2665"]
[BlackElo "2545"]
[WhiteFideId "24130737"]
[BlackFideId "4122232"]
[EventDate "2016.06.22"]

1. e4 c5 2. Nf3 e6 3. d4 cxd4 4. Nxd4 Nc6 5. Nc3 Qc7 6. f4 Nxd4 7. Qxd4 a6 8.
Be3 b5 9. O-O-O Bb7 10. Kb1 Rc8 11. Bd3 Nf6 12. Rhe1 Be7 13. e5 Nd5 14. Nxd5
Bxd5 15. f5 Qa5 16. a3 b4 17. Bd2 exf5 18. Bxf5 Rc4 19. Bxb4 Bxb4 20. axb4 Rxd4
21. bxa5 Rxd1+ 22. Rxd1 Bc6 23. b4 Kd8 24. Bd3 Re8 25. Rf1 Bd5 26. c4 Bxg2 27.
Rxf7 Rxe5 28. Rxg7 Be4 29. Kc2 Bxd3+ 30. Kxd3 Rh5 31. Rf7 Kc7 32. Rf6 Rh3+ 33.
Kc2 Rxh2+ 34. Kb3 d6 35. Rf7+ Kb8 36. Rd7 Rh6 37. b5 Kc8 38. Rf7 Kb8 39. b6 Rh1
40. Rd7 Rb1+ 1-0

[Event "69th ch-RUS HL 2016"]
[Site "Kolomna RUS"]
[Date "2016.06.28"]
[Round "6.4"]
[White "Timofeev, Artyom"]
[Black "Riazantsev, Alexander"]
[Result "1/2-1/2"]
[WhiteTitle "GM"]
[BlackTitle "GM"]
[WhiteElo "2586"]
[BlackElo "2646"]
[WhiteFideId "4140419"]
[BlackFideId "4125029"]
[EventDate "2016.06.22"]

1. c4 Nf6 2. Nc3 e6 3. e4 d5 4. cxd5 exd5 5. e5 Ne4 6. Nf3 Bf5 7. d4 Bb4 8. Bd2
Nxd2 9. Qxd2 O-O 10. Bd3 Bxd3 11. Qxd3 c6 12. O-O Na6 13. Ne2 Be7 14. h3 Qd7 15.
Nf4 Nc7 16. Rfe1 Ne6 17. Qf5 Rad8 18. Qg4 Nxf4 19. Qxf4 b6 20. Rad1 Qe6 21. h4
h6 22. h5 c5 23. dxc5 bxc5 24. b4 d4 25. bxc5 Bxc5 26. Rd3 Rfe8 27. a3 Rd5 28.
Rb1 Bb6 29. Rc1 Ra5 30. Qe4 Qe7 31. Qc6 Kf8 32. Qe4 Kg8 33. Qc6 Kf8 34. Qe4 Kg8 1/2-1/2

[Event "69th ch-RUS HL 2016"]
[Site "Kolomna RUS"]
[Date "2016.06.28"]
[Round "6.5"]
[White "Ponkratov, Pavel"]
[Black "Alekseev, Evgeny"]
[Result "1/2-1/2"]
[WhiteTitle "GM"]
[BlackTitle "GM"]
[WhiteElo "2573"]
[BlackElo "2626"]
[WhiteFideId "4157800"]
[BlackFideId "4138147"]
[EventDate "2016.06.22"]

1. d4 d5 2. c4 e6 3. Nf3 Nf6 4. g3 Bb4+ 5. Nc3 O-O 6. Bg2 dxc4 7. a3 Be7 8. Ne5
c5 9. dxc5 Qxd1+ 10. Nxd1 Nbd7 11. c6 Nxe5 12. cxb7 Bxb7 13. Bxb7 Rab8 14. Bg2
Rfc8 15. Bf4 Nfd7 16. Rc1 g5 17. Be3 Nc5 18. Rc2 Rc7 19. h3 Nb3 20. O-O Na1 21.
Rc1 Nb3 22. Rc2 Na1 23. Rc1 Nb3 24. Rc2 Na1 1/2-1/2

[Event "69th ch-RUS HL 2016"]
[Site "Kolomna RUS"]
[Date "2016.06.28"]
[Round "6.6"]
[White "Kokarev, Dmitry"]
[Black "Alekseenko, Kirill"]
[Result "1-0"]
[WhiteTitle "GM"]
[BlackTitle "GM"]
[WhiteElo "2624"]
[BlackElo "2576"]
[WhiteFideId "4132181"]
[BlackFideId "4135539"]
[EventDate "2016.06.22"]

1. e4 e5 2. Nf3 Nc6 3. Bb5 a6 4. Ba4 Nf6 5. O-O Be7 6. Re1 b5 7. Bb3 d6 8. c3
O-O 9. d4 Bg4 10. Be3 exd4 11. cxd4 Na5 12. Bc2 c5 13. h3 Bh5 14. Nbd2 Nd7 15.
g4 Bg6 16. d5 Bf6 17. Rb1 Re8 18. Kg2 Rb8 19. Bf4 Ne5 20. Nxe5 dxe5 21. Bg3 h6
22. b3 Nb7 23. Nf3 Bh7 24. h4 g5 25. hxg5 hxg5 26. a4 Qd7 27. Nd2 Bd8 28. Ra1
Ba5 29. axb5 axb5 30. Rh1 f6 31. Nf1 Ra8 32. Qf3 Qg7 33. Ne3 Bb4 34. Rxh7 Kxh7
35. Rh1+ Kg8 36. Nf5 Qd7 37. Bxe5 Rxe5 38. Qh3 Rf8 39. Qh8+ Kf7 40. Qh5+ 1-0

[Event "69th ch-RUS HL 2016"]
[Site "Kolomna RUS"]
[Date "2016.06.28"]
[Round "6.7"]
[White "Goganov, Aleksey"]
[Black "Moiseenko, Vadim"]
[Result "1-0"]
[WhiteTitle "GM"]
[BlackTitle "IM"]
[WhiteElo "2620"]
[BlackElo "2497"]
[WhiteFideId "24109959"]
[BlackFideId "4123700"]
[EventDate "2016.06.22"]

1. d4 f5 2. Nf3 Nf6 3. c4 e6 4. e3 b6 5. Bd3 Bb4+ 6. Nbd2 Bb7 7. O-O O-O 8. Qc2
Qe8 9. a3 Bd6 10. b4 Qh5 11. Bb2 c5 12. bxc5 bxc5 13. Rab1 cxd4 14. exd4 Bxf3
15. Nxf3 Nc6 16. h3 Ne4 17. Bxe4 fxe4 18. Qxe4 Rf4 19. Qd3 Raf8 20. Nd2 Qh4 21.
c5 Be7 22. d5 Nd4 23. d6 Bg5 24. Rbd1 Nc6 25. f3 Bf6 26. Bxf6 gxf6 27. Qe3 Ra4
28. f4 Kh8 29. Ne4 Rg8 30. Rf3 Qh6 31. Kh1 Qg6 32. Ng3 Qc2 33. Rc1 Qb2 34. Qc3
Qxc3 35. Rcxc3 Kg7 36. f5 e5 37. Nh5+ Kf7 38. Rg3 Rg5 39. Rxg5 fxg5 40. Rb3 e4
41. Rb7 e3 42. Rxd7+ Ke8 43. Rc7 Kd8 44. Ng3 Nd4 45. f6 1-0

[Event "69th ch-RUS HL 2016"]
[Site "Kolomna RUS"]
[Date "2016.06.28"]
[Round "6.8"]
[White "Gavrilov, Alexei1"]
[Black "Sjugirov, Sanan"]
[Result "1/2-1/2"]
[WhiteTitle "GM"]
[BlackTitle "GM"]
[WhiteElo "2466"]
[BlackElo "2665"]
[WhiteFideId "4104358"]
[BlackFideId "4189302"]
[EventDate "2016.06.22"]

1. d4 Nf6 2. c4 g6 3. Nc3 d5 4. cxd5 Nxd5 5. e4 Nxc3 6. bxc3 Bg7 7. Qa4+ Nd7 8.
Nf3 O-O 9. Bg5 c5 10. Rc1 a6 11. Qa3 Qc7 12. Bd3 e5 13. d5 c4 14. Bc2 f6 15. Be3
Re8 16. Qb2 Bf8 17. O-O Nc5 18. a4 Bd7 19. Ra1 b5 20. axb5 axb5 21. Rxa8 Rxa8
22. Ra1 Ra5 23. Rxa5 Qxa5 24. Bd2 Bd6 25. h3 Na6 26. Ne1 Bc5 27. Bd1 Qb6 28. Bc1
b4 29. cxb4 Nxb4 30. Qe2 Bb5 31. Bh6 Kf7 32. Qf3 Ke7 33. h4 Bd7 34. g3 Bd4 35.
Kg2 c3 36. Nc2 Nxc2 37. Bxc2 Qb2 38. d6+ Kxd6 39. Qxf6+ Kc7 40. Bf8 Qb6 41. Be7
Qxf6 42. Bxf6 Kd6 43. f4 Bg4 44. Kf1 Kc5 45. fxe5 Kb4 46. Be7+ Bc5 47. Bd6 Kc4
48. Ke1 Kd4 49. Kf2 Bb6 50. Bb8 Kc4+ 51. Ke1 Be3 52. Bc7 Bd2+ 53. Kf2 Kd4 54.
Bb8 Be3+ 55. Ke1 Bh6 56. Kf2 Bg7 57. Ba7+ Kc4 58. Bb8 Bh6 59. Bc7 Kd4 60. Bb8
Be3+ 61. Ke1 Kc4 62. Bd6 Bb6 63. Bb8 Kd4 64. Kf2 Bc5 65. Bc7 Kc4+ 66. Ke1 Kb4
67. Bd6 Kb5 68. Bb8 Kc4 69. Bc7 Be3 70. Bb8 Bd2+ 71. Kf2 Kd4 72. Bc7 Be3+ 73.
Ke1 Bh6 74. Kf2 Bg7 75. Bb6+ Kc4 76. Bc7 Bh6 77. Bb8 Kd4 78. Bc7 Be3+ 79. Ke1
Bd2+ 1/2-1/2

[Event "69th ch-RUS HL 2016"]
[Site "Kolomna RUS"]
[Date "2016.06.28"]
[Round "6.9"]
[White "Lysyj, Igor"]
[Black "Vavulin, Maksim"]
[Result "1/2-1/2"]
[WhiteTitle "GM"]
[BlackTitle "IM"]
[WhiteElo "2663"]
[BlackElo "2507"]
[WhiteFideId "4150120"]
[BlackFideId "4169530"]
[EventDate "2016.06.22"]

1. d4 Nf6 2. Nf3 e6 3. g3 b5 4. Bg5 Bb7 5. Nbd2 Be7 6. e3 a6 7. c3 c5 8. Bd3 d5
9. Ne5 h6 10. Bxf6 gxf6 11. Nef3 Nd7 12. a4 c4 13. Bc2 f5 14. axb5 axb5 15. O-O
h5 16. Rxa8 Qxa8 17. b4 O-O 18. Qa1 Qxa1 19. Rxa1 Ra8 20. Rxa8+ Bxa8 21. Ne5
Nxe5 22. dxe5 f6 23. Nf3 fxe5 24. Nxe5 Bf6 25. f4 h4 26. Bd1 hxg3 27. hxg3 Bg7
28. Kf2 Kf8 29. Ke1 Ke7 30. Kd2 Kd6 31. Nf3 Bc6 32. Nd4 Be8 33. g4 fxg4 34. Bxg4
Bxd4 35. exd4 Bg6 36. Ke3 Ke7 37. Kf2 Kf6 38. Kg3 Be8 39. Kf2 Bg6 40. Kg3 Be8 1/2-1/2

[Event "69th ch-RUS HL 2016"]
[Site "Kolomna RUS"]
[Date "2016.06.28"]
[Round "6.10"]
[White "Gordievsky, Dmitry"]
[Black "Rakhmanov, Aleksandr"]
[Result "1/2-1/2"]
[WhiteTitle "IM"]
[BlackTitle "GM"]
[WhiteElo "2523"]
[BlackElo "2655"]
[WhiteFideId "24112798"]
[BlackFideId "4173708"]
[EventDate "2016.06.22"]

1. Nf3 d6 2. e4 Nf6 3. Nc3 g6 4. d4 Bg7 5. Be2 O-O 6. O-O a6 7. a4 Bg4 8. Be3
Bxf3 9. Bxf3 e5 10. dxe5 dxe5 11. Qxd8 Rxd8 12. Bg5 Nbd7 13. a5 h6 14. Be3 Nf8
15. Nd5 Ne6 16. Bxh6 Nxd5 17. Bxg7 Kxg7 18. exd5 Nd4 19. Rfd1 Nxc2 20. Rac1 Nd4
21. Rxc7 Rab8 22. Be4 Nb5 23. Rc5 Nd6 24. Bd3 f5 25. g3 Kf6 26. b4 e4 27. Be2
Re8 28. Rdc1 Re7 29. f4 exf3 30. Bxf3 g5 31. Rc7 Rbe8 32. Rxe7 Rxe7 33. Kf2 g4
34. Bg2 Ne4+ 35. Bxe4 Rxe4 36. b5 axb5 37. Rc7 Ra4 38. d6 Rxa5 39. d7 Ke7 40.
Rxb7 Ra2+ 41. Ke3 Rxh2 42. Rxb5 Rg2 1/2-1/2

[Event "69th ch-RUS HL 2016"]
[Site "Kolomna RUS"]
[Date "2016.06.28"]
[Round "6.11"]
[White "Romanov, Evgeny"]
[Black "Novikov, Maxim"]
[Result "1-0"]
[WhiteTitle "GM"]
[BlackTitle "GM"]
[WhiteElo "2642"]
[BlackElo "2513"]
[WhiteFideId "4148843"]
[BlackFideId "4161289"]
[EventDate "2016.06.22"]

1. d4 d6 2. c4 e5 3. Nf3 e4 4. Ng5 f5 5. Nc3 Be7 6. Nh3 Nf6 7. e3 O-O 8. Be2 Be6
9. Qb3 Qc8 10. Ng5 b6 11. Nxe6 Qxe6 12. Nd5 Bd8 13. Bd2 Qf7 14. f3 c6 15. Nc3 a6
16. O-O Re8 17. fxe4 fxe4 18. Qc2 Qg6 19. b4 Ra7 20. a4 c5 21. b5 a5 22. Rf4
Nbd7 23. Raf1 Nf8 24. Rf5 cxd4 25. exd4 e3 26. Bc1 Qh6 27. Qd3 Ng6 28. R5f3 Rae7
29. Nd1 Ng4 30. h3 Nf2 31. Nxf2 exf2+ 32. R3xf2 Qh4 33. Bf3 Re1 34. Bc6 Rxf1+
35. Qxf1 1-0

[Event "69th ch-RUS HL 2016"]
[Site "Kolomna RUS"]
[Date "2016.06.28"]
[Round "6.12"]
[White "Kryakvin, Dmitry"]
[Black "Esipenko, Andrey"]
[Result "1-0"]
[WhiteTitle "GM"]
[BlackTitle "FM"]
[WhiteElo "2547"]
[BlackElo "2471"]
[WhiteFideId "4153278"]
[BlackFideId "24175439"]
[EventDate "2016.06.22"]

1. d4 d5 2. c4 c6 3. cxd5 cxd5 4. Bf4 Nc6 5. e3 Nf6 6. Nc3 Bg4 7. Qb3 Na5 8.
Qa4+ Bd7 9. Bb5 Nc6 10. Nf3 e6 11. Ne5 Nxe5 12. dxe5 a6 13. Bxd7+ Nxd7 14. O-O
Be7 15. e4 b5 16. Qd1 b4 17. Na4 dxe4 18. Qe2 Qa5 19. Qxe4 O-O 20. b3 Nc5 21.
Nxc5 Bxc5 22. Bg5 Rac8 23. Bh4 Qa3 24. Qe2 Rc7 25. Rad1 Rfc8 26. Bd8 Ra7 27. Rd2
Bf8 28. Rfd1 Rc1 29. g3 Rxd1+ 30. Rxd1 a5 31. Bg5 Rc7 32. Rd8 h6 33. Qd1 f6 34.
Rxf8+ Kxf8 35. Qd8+ Kf7 36. Qxc7+ Kg6 37. exf6 gxf6 38. Bc1 Qxa2 39. Qc4 a4 40.
Qg4+ Kh7 41. bxa4 Qa1 42. Qf4 b3 43. Qd2 Kg8 44. a5 Kf7 45. Kg2 1-0

[Event "69th ch-RUS HL 2016"]
[Site "Kolomna RUS"]
[Date "2016.06.28"]
[Round "6.14"]
[White "Bezgodov, Alexei"]
[Black "Grachev, Boris"]
[Result "1/2-1/2"]
[WhiteTitle "GM"]
[BlackTitle "GM"]
[WhiteElo "2493"]
[BlackElo "2639"]
[WhiteFideId "4105257"]
[BlackFideId "4129199"]
[EventDate "2016.06.22"]

1. e4 c5 2. Nc3 Nc6 3. Nge2 e6 4. d4 cxd4 5. Nxd4 a6 6. Nxc6 bxc6 7. Bd3 d5 8.
O-O Nf6 9. Re1 Be7 10. e5 Nd7 11. Qg4 Kf8 12. Qg3 c5 13. Bd2 Bb7 14. Rad1 h5 15.
b3 h4 16. Qg4 Qc7 17. Bf4 Rc8 18. h3 g6 19. Re2 Kg7 20. Rde1 Rh5 21. Nd1 c4 22.
bxc4 dxc4 23. Be4 Bxe4 24. Rxe4 Qc6 25. Qe2 Nb6 26. c3 Nd5 27. Bd2 Qb5 28. Nb2
Nb6 29. Be3 Na4 30. Nxa4 Qxa4 31. Rd1 Qb5 32. Bf4 Rhh8 33. Kh2 Rhd8 34. Red4
Rxd4 35. Rxd4 Qb1 36. Rd7 Qf5 37. Qg4 Qxg4 38. hxg4 g5 39. Rxe7 gxf4 40. Ra7 Rc5
41. Rxa6 Rxe5 42. Rc6 Re2 43. f3 Rxa2 44. Rxc4 e5 45. Kh3 Kg6 46. Rc8 Ra1 47.
Kh2 Rc1 1/2-1/2

[Event "69th ch-RUS HL 2016"]
[Site "Kolomna RUS"]
[Date "2016.06.28"]
[Round "6.15"]
[White "Kobalia, Mikhail"]
[Black "Gabrielian, Artur"]
[Result "1/2-1/2"]
[WhiteTitle "GM"]
[BlackTitle "GM"]
[WhiteElo "2638"]
[BlackElo "2520"]
[WhiteFideId "4119150"]
[BlackFideId "4131002"]
[EventDate "2016.06.22"]

1. e4 c5 2. Nf3 d6 3. Bb5+ Nd7 4. O-O Nf6 5. Re1 a6 6. Bf1 b6 7. d4 cxd4 8. Nxd4
Bb7 9. c4 e6 10. Nc3 Be7 11. f4 O-O 12. Kh1 Nc5 13. Qc2 Rc8 14. f5 b5 15. b4 e5
16. Nb3 bxc4 17. Nxc5 dxc5 18. b5 axb5 19. Rb1 b4 20. Bxc4 Bc6 21. Rd1 bxc3 22.
Rxd8 Rfxd8 23. Bd5 Nxe4 24. Bxc6 Rd1+ 25. Qxd1 Nf2+ 26. Kg1 Nxd1 27. Be4 c4 28.
a4 Nb2 29. Bxb2 cxb2 30. Rxb2 c3 31. Re2 Bb4 32. Bc2 Bc5+ 33. Kf1 Bd4 34. Be4
Rc4 35. Ra2 Ba7 36. Bd3 Rf4+ 37. Ke1 e4 38. Bb1 e3 39. Ra3 Bc5 40. Rb3 Rxa4 41.
Rb8+ Bf8 42. Ke2 Ra3 43. Bc2 Ra2 44. Kd3 g6 45. Re8 gxf5 46. Rxe3 Bd6 47. Rf3 f4
48. Kxc3 Kg7 49. Kd2 Ra5 50. Rb3 Rh5 1/2-1/2

[Event "69th ch-RUS HL 2016"]
[Site "Kolomna RUS"]
[Date "2016.06.28"]
[Round "6.16"]
[White "Khairullin, Ildar"]
[Black "Bocharov, Ivan"]
[Result "1-0"]
[WhiteTitle "GM"]
[BlackTitle "FM"]
[WhiteElo "2629"]
[BlackElo "2517"]
[WhiteFideId "4151348"]
[BlackFideId "4180887"]
[EventDate "2016.06.22"]

1. d4 d5 2. c4 c6 3. Nf3 Nf6 4. e3 e6 5. Bd3 Nbd7 6. O-O Bd6 7. Nc3 O-O 8. e4
dxc4 9. Bxc4 e5 10. Be3 Qe7 11. Bb3 exd4 12. Bxd4 Ng4 13. h3 Nge5 14. Nxe5 Bxe5
15. Bxe5 Nxe5 16. f4 Nd7 17. e5 Nc5 18. Bc2 Rd8 19. Qe2 b6 20. Rfd1 Ba6 21. Qf3
Ne6 22. Qe4 g6 23. Bb3 Bb7 24. Kh2 Rxd1 25. Rxd1 Rd8 26. Rxd8+ Qxd8 27. Bxe6
fxe6 28. Qc4 Qe7 29. Ne4 c5 30. Nf6+ Kg7 31. Qd3 Ba8 32. h4 Qb7 33. Qg3 Qa6 34.
h5 Qf1 35. Qg5 Bxg2 36. Qxg2 Qxf4+ 37. Qg3 Qd4 38. Kh3 Qd1 39. h6+ Kh8 40. Qg2
Qd3+ 41. Kh2 Qd8 42. Kg3 c4 43. Qb7 Qd3+ 44. Qf3 Qd8 45. Qa3 c3 46. Qd6 1-0

[Event "69th ch-RUS HL 2016"]
[Site "Kolomna RUS"]
[Date "2016.06.28"]
[Round "6.17"]
[White "Lobanov, Sergei"]
[Black "Khismatullin, Denis"]
[Result "1-0"]
[BlackTitle "GM"]
[WhiteElo "2433"]
[BlackElo "2623"]
[WhiteFideId "24183750"]
[BlackFideId "4142578"]
[EventDate "2016.06.22"]

1. e4 c5 2. Nf3 d6 3. d4 cxd4 4. Nxd4 Nf6 5. Nc3 a6 6. Bg5 e6 7. f4 Qc7 8. Qf3
b5 9. O-O-O Bb7 10. Bd3 Nbd7 11. Rhe1 Qb6 12. Nd5 Qxd4 13. Bxb5 Qc5 14. b4 Qc8
15. Nb6 axb5 16. Nxc8 Rxc8 17. Rd3 d5 18. Bxf6 Nxf6 19. e5 Ne4 20. a3 Be7 21.
Qh5 Rc7 22. Kb2 O-O 23. Re2 g6 24. Qh6 f6 25. Rh3 Rf7 26. Rd3 fxe5 27. fxe5 Bg5
28. Qh3 Rf5 29. Rf3 Rxe5 30. g4 Bc6 31. Qf1 Bh6 32. h4 Bg7 33. Kc1 d4 34. Qe1
Bd5 35. Rd3 Bc4 36. Rxe4 Bxd3 37. Rxe5 Rxc2+ 38. Kd1 Rb2 39. Rc5 e5 40. Rc8+ Kf7
41. Qg3 Be4 42. a4 Rxb4 43. Qf2+ Ke6 44. Qa2+ Kd7 45. Rg8 1-0

[Event "69th ch-RUS HL 2016"]
[Site "Kolomna RUS"]
[Date "2016.06.28"]
[Round "6.18"]
[White "Goryachkina, Aleksandra"]
[Black "Eliseev, Urii"]
[Result "0-1"]
[WhiteTitle "WGM"]
[BlackTitle "GM"]
[WhiteElo "2486"]
[BlackElo "2602"]
[WhiteFideId "4147103"]
[BlackFideId "24131920"]
[EventDate "2016.06.22"]

1. Nf3 c5 2. c4 Nc6 3. Nc3 Nf6 4. e3 e6 5. d4 d5 6. dxc5 Bxc5 7. a3 a6 8. b4 Ba7
9. Bb2 O-O 10. Be2 Qe7 11. O-O Rd8 12. Qc2 dxc4 13. Bxc4 Bd7 14. Ne4 Nxe4 15.
Qxe4 Rac8 16. Rac1 Bb8 17. Rfd1 Be8 18. Bb3 g6 19. h4 e5 20. h5 Kg7 21. Qf4 f6
22. h6+ Kf8 23. Qe4 Bf7 24. Bxf7 Qxf7 25. Nd2 Qa2 26. Qb1 Qxb1 27. Rxb1 Bd6 28.
Ne4 Be7 29. f4 f5 30. Nc5 Rxd1+ 31. Rxd1 exf4 32. exf4 Bxc5+ 33. bxc5 Rd8 34.
Rb1 Ke7 35. Be5 Rd7 36. Bd6+ Ke6 37. a4 Kd5 38. Kf2 Kc4 39. Rb6 Nb4 40. g4 fxg4
41. Kg3 Nd5 42. Rb1 Ne3 43. a5 Rf7 44. Bb8 Re7 45. Kh4 Kd5 46. Bd6 Rf7 47. Kg3
Nf5+ 48. Kxg4 Nxh6+ 49. Kg5 Nf5 50. Bb8 Nd4 51. Rd1 Kc4 52. Kh6 Nc6 53. Bd6 Nxa5
54. Re1 Nc6 0-1

[Event "69th ch-RUS HL 2016"]
[Site "Kolomna RUS"]
[Date "2016.06.28"]
[Round "6.19"]
[White "Chigaev, Maksim"]
[Black "Sviridov, Valery"]
[Result "1-0"]
[WhiteTitle "IM"]
[WhiteElo "2542"]
[BlackElo "2517"]
[WhiteFideId "4108116"]
[BlackFideId "4120680"]
[EventDate "2016.06.22"]

1. e4 Nf6 2. e5 Nd5 3. d4 d6 4. Nf3 Bg4 5. Be2 e6 6. O-O Be7 7. c4 Nb6 8. Nc3
O-O 9. Be3 Nc6 10. b3 dxe5 11. Nxe5 Bxe2 12. Nxe2 Nxe5 13. dxe5 Nd7 14. f4 Bc5
15. Qc1 Qe7 16. Nc3 f5 17. exf6 Nxf6 18. Na4 Ba3 19. Qd1 a6 20. Qe2 e5 21. f5 c6
22. Nc3 e4 23. c5 Kh8 24. Na4 Nd5 25. Bd4 Rae8 26. g3 e3 27. Rad1 Bb4 28. Ba1
Bxc5 29. Nxc5 Qxc5 30. Rc1 Qe7 31. Rc4 Rf7 32. Rg4 Qd7 33. h4 Ree7 34. Qd3 Qc7
35. h5 Nf6 36. Rg5 Ne4 37. Qxe3 Nxg5 38. Qxg5 Qb6+ 39. Kg2 h6 40. Qxh6+ Kg8 41.
Bxg7 Rxg7 42. f6 Rxg3+ 43. Kxg3 Qe3+ 44. Qxe3 Rxe3+ 45. Rf3 Re1 46. f7+ Kf8 47.
Rf6 c5 48. Rf5 Rc1 49. h6 Rh1 50. Rf6 b5 51. Rxa6 Kxf7 52. Ra7+ Ke6 53. h7 Kd5
54. Kg2 Rh6 55. Rd7+ Ke4 56. a4 c4 57. a5 cxb3 58. a6 b2 59. a7 b1=Q 60. a8=Q+ 1-0

[Event "69th ch-RUS HL 2016"]
[Site "Kolomna RUS"]
[Date "2016.06.28"]
[Round "6.20"]
[White "Popov, Ivan RUS"]
[Black "Triapishko, Olexandr"]
[Result "1/2-1/2"]
[WhiteTitle "GM"]
[WhiteElo "2648"]
[BlackElo "2466"]
[WhiteFideId "4170350"]
[BlackFideId "14122286"]
[EventDate "2016.06.22"]

1. e4 e5 2. Nf3 Nc6 3. Bc4 Nf6 4. d3 Be7 5. O-O O-O 6. Re1 d6 7. a4 Na5 8. Ba2
c5 9. c3 Be6 10. Bxe6 fxe6 11. b4 cxb4 12. cxb4 Nc6 13. Bd2 d5 14. b5 Nd4 15.
Nxd4 exd4 16. exd5 Qxd5 17. Na3 Bxa3 18. Rxa3 e5 19. Qb3 Rfe8 20. Qxd5+ Nxd5 21.
Raa1 Rac8 22. Rac1 Rxc1 23. Rxc1 Kf7 24. Kf1 Ke6 25. Ke2 Re7 26. Rc8 Rc7 27. Ra8
b6 28. Kd1 Kd6 29. h4 Kc5 30. Re8 Re7 31. Rc8+ Rc7 32. Re8 Re7 33. Rc8+ Rc7 34.
Re8 Re7 1/2-1/2

[Event "69th ch-RUS HL 2016"]
[Site "Kolomna RUS"]
[Date "2016.06.28"]
[Round "6.21"]
[White "Prizant, Jaroslav"]
[Black "Demchenko, Anton"]
[Result "1/2-1/2"]
[WhiteTitle "IM"]
[BlackTitle "GM"]
[WhiteElo "2511"]
[BlackElo "2611"]
[WhiteFideId "4140664"]
[BlackFideId "4160258"]
[EventDate "2016.06.22"]

1. d4 Nf6 2. Nf3 g6 3. g3 Bg7 4. Bg2 O-O 5. O-O d6 6. c4 Nbd7 7. Nc3 e5 8. e4
exd4 9. Nxd4 Re8 10. h3 Nc5 11. Re1 Bd7 12. Bf4 h6 13. Rb1 a5 14. b3 Nh7 15. h4
Nf6 16. Qd2 Kh7 17. Ndb5 Ng4 18. Rbd1 Ne5 19. Qe2 Qb8 20. Be3 Be6 21. Nd4 Bd7
22. Ndb5 Be6 23. Nd4 Bd7 1/2-1/2

[Event "69th ch-RUS HL 2016"]
[Site "Kolomna RUS"]
[Date "2016.06.28"]
[Round "6.22"]
[White "Sarana, Alexey"]
[Black "Volkov, Sergey"]
[Result "0-1"]
[WhiteTitle "IM"]
[BlackTitle "GM"]
[WhiteElo "2422"]
[BlackElo "2604"]
[WhiteFideId "24133795"]
[BlackFideId "4122763"]
[EventDate "2016.06.22"]

1. d4 d5 2. c4 c6 3. Nf3 Nf6 4. Nc3 a6 5. Qc2 b5 6. e4 b4 7. Na4 dxe4 8. Ne5 Bf5
9. Be3 Qc7 10. g4 Bxg4 11. Nxg4 Nxg4 12. Qxe4 Nxe3 13. fxe3 g6 14. Bg2 Bg7 15.
O-O-O O-O 16. h4 h5 17. Nc5 e5 18. Bh3 exd4 19. exd4 Ra7 20. Rhg1 Qe7 21. Qf4
Qf6 22. Qg3 Bh6+ 23. Kb1 Qf4 24. Qg2 Qxh4 25. Ne6 Re8 26. d5 cxd5 27. cxd5 Rae7
28. Bf5 Kh8 29. Bxg6 Rg8 30. Qf3 Rxg6 31. Rxg6 fxg6 32. Rh1 Rf7 33. Rxh4 Rxf3
34. Rxb4 Nd7 35. Rb7 Nf8 36. Nd8 Kg8 37. d6 Rd3 0-1

[Event "69th ch-RUS HL 2016"]
[Site "Kolomna RUS"]
[Date "2016.06.28"]
[Round "6.23"]
[White "Antipov, Mikhail Al."]
[Black "Kozionov, Kirill"]
[Result "1/2-1/2"]
[WhiteTitle "GM"]
[BlackTitle "IM"]
[WhiteElo "2584"]
[BlackElo "2440"]
[WhiteFideId "4107012"]
[BlackFideId "24101729"]
[EventDate "2016.06.22"]

1. d4 d5 2. c4 e6 3. Nf3 a6 4. b3 Nf6 5. e3 b6 6. Bd3 Bb7 7. O-O Nbd7 8. Bb2 Ne4
9. cxd5 exd5 10. Ne5 Bd6 11. Qg4 g6 12. f3 Nef6 13. Qh3 Qe7 14. f4 Ne4 15. Nc3
Nxc3 16. Bxc3 O-O-O 17. a4 f6 18. Nxd7 Qxd7 19. Qxd7+ Kxd7 20. a5 b5 21. Kf2
Rhe8 22. g4 Re7 23. b4 Rde8 24. Bd2 Bc8 25. Rac1 c6 26. Rc2 Kc7 27. Rfc1 Bd7 28.
h3 Kb7 29. Bf1 Rh8 30. Be2 Rf8 31. Bf3 Rfe8 32. h4 Rg8 33. Rh1 Rge8 34. Rcc1 Rg8
35. Rcg1 Rge8 36. g5 f5 37. h5 Rg8 38. Rh4 Be8 39. Rgh1 Reg7 40. hxg6 hxg6 41.
Rh8 Rxh8 42. Rxh8 Re7 43. Be2 Kc7 44. Bd3 Kd7 45. Kf3 Rg7 46. Bc3 1/2-1/2

[Event "69th ch-RUS HL 2016"]
[Site "Kolomna RUS"]
[Date "2016.06.28"]
[Round "6.24"]
[White "Vasilyev, Vasily"]
[Black "Pridorozhni, Aleksei"]
[Result "1/2-1/2"]
[WhiteTitle "FM"]
[BlackTitle "GM"]
[WhiteElo "2307"]
[BlackElo "2552"]
[WhiteFideId "24102180"]
[BlackFideId "4127870"]
[EventDate "2016.06.22"]

1. d4 Nf6 2. Nf3 b5 3. g3 Bb7 4. Bg2 e6 5. O-O c5 6. c3 Be7 7. Nbd2 cxd4 8. Nxd4
Bxg2 9. Kxg2 Qb6 10. Qb3 b4 11. Nc4 Qb7+ 12. Kg1 Na6 13. cxb4 Qxb4 14. Bd2 Qxb3
15. axb3 Nc7 16. Bf4 Ncd5 17. Nd6+ Bxd6 18. Bxd6 Ne4 19. Ba3 f5 20. f3 Nef6 21.
Bc5 f4 22. Bxa7 Kf7 23. gxf4 Nxf4 24. b4 e5 25. Nb3 Nxe2+ 26. Kf2 Nf4 27. b5
Rac8 28. b6 Rc2+ 29. Kg1 Nh3+ 30. Kh1 Nf2+ 31. Kg2 Nd3+ 32. Kg1 d5 33. b7 Nd7
34. Ra5 Nf4 35. Rb5 Rxb2 36. b8=Q Nxb8 37. Bxb8 Re8 38. Bd6 Nh3+ 39. Kh1 Nf2+
40. Kg1 Nh3+ 41. Kh1 1/2-1/2

[Event "69th ch-RUS HL 2016"]
[Site "Kolomna RUS"]
[Date "2016.06.28"]
[Round "6.25"]
[White "Yuffa, Daniil"]
[Black "Suleymanyants, Odisey"]
[Result "1-0"]
[WhiteTitle "IM"]
[BlackTitle "FM"]
[WhiteElo "2502"]
[BlackElo "2268"]
[WhiteFideId "24131423"]
[BlackFideId "24149357"]
[EventDate "2016.06.22"]

1. Nf3 Nf6 2. g3 g6 3. Bg2 Bg7 4. O-O O-O 5. c4 d6 6. d4 c5 7. Nc3 Nbd7 8. d5
Nb6 9. Nd2 e6 10. a4 exd5 11. cxd5 Ne8 12. e4 h5 13. h3 a5 14. f4 Bd7 15. Nf3
Qc7 16. Kh2 Rb8 17. e5 h4 18. g4 g5 19. e6 fxe6 20. Nxg5 Bxc3 21. bxc3 Nxd5 22.
Bxd5 exd5 23. Qxd5+ Kg7 24. c4 Nf6 25. Bb2 Qb6 26. Qd2 Rbe8 27. Qc2 Rh8 28.
Bxf6+ Kxf6 29. Qc3+ Kg6 30. f5+ 1-0